| 000 | 00487nam a2200169 4500 | ||
|---|---|---|---|
| 003 | DO-SdBNP | ||
| 005 | 20180209145417.0 | ||
| 008 | 161123b1900 sp||||| |||| 00| 0 spa d | ||
| 020 | _a8472975312 | ||
| 040 |
_aBPMSU _bspa _cBPMSU |
||
| 245 |
_a¿Adivina quién está ahí? : _blibro de carton sorpresa |
||
| 260 |
_aBridlington : _bEdiciones Saldaña , _c[s. f.] |
||
| 300 |
_a20 p. : _bil. : _c11 cm |
||
| 942 |
_2ddc _cBK |
||
| 945 | _aInventariado, 2018 / BT | ||
| 956 | _adgarcia | ||
| 999 |
_c12051 _d12051 |
||